000
00324nam a2200133Ia 4500
008
150201s2007 xx 000 0 und d
082
_a
611
_b
I07W
100
_a
WEIR,JAMIE
245
_a
IMAGING ATLAS OF HUMAN ANATOMY
250
_a
3RD
260
_b
MOSBY ELSEVIER
_a
DELHI
_c
2007
650
_a
HUMAN ANATOMY
942
_2
ddc
_c
BK
999
_c
1189
_d
1189